Network and internetwork security : principles and practice /

Detalhes bibliográficos
Autor principal: Stallings, William
Formato: Livro
Idioma:English
Publicado em: Englewood Cliffs, N.J. : New York, : Prentice Hall, ; IEEE c1995.
Assuntos:
Classic Catalogue: View this record in Classic Catalogue
LEADER 01377nam a2200277 a 4500
001 0017990
003 BD-DhAAL
008 110425s1995 njua b 001 0 eng
010 |a  94006003  
020 |a 0024154830 
040 |a DLC  |c DLC  |d DLC  |d BD-DhAAL 
050 0 0 |a TK5105.5  |b .S728 1995 
082 0 0 |a 005.8  |2 20 
100 1 |a Stallings, William. 
245 1 0 |a Network and internetwork security :  |b principles and practice /  |c William Stallings. 
260 |a Englewood Cliffs, N.J. :  |b Prentice Hall, ;  |a New York, :  |b IEEE  |c c1995. 
300 |a xiii, 462 p. :  |b ill. ;  |c 24 cm 
504 |a Includes bibliographical references (p. 449-456) and index. 
526 |a EEE  |x Md Sayeed Salam Department of Electrical and Electronic Engineering BRAC University Course Name : Network Security (EEE 532) 
541 1 |e 0017990  |a D. S. Books International 
650 0 |a Computer networks  |x Security measures. 
650 0 |a Computer security. 
852 1 |a Ayesha Abed Library   |c General Stacks 
942 |2 ddc  |c BK 
999 |c 10766  |d 10766 
952 |0 0  |1 0  |2 ddc  |4 0  |6 005_800000000000000_STA  |7 0  |9 16197  |a BRACUL  |b BRACUL  |c GEN  |d 2011-04-25  |e D. S. Books International  |l 7  |m 74  |o 005.8 STA  |p 3010017990  |r 2025-08-21  |s 2024-06-27  |t 1  |w 2011-04-25  |y BK  |x Requisitioned by Md Sayeed Salam Department of Electrical and Electronic Engineering, BRAC University for the course named- "Network Security (EEE 532)" ; USD 70.00